Annual review of public health (Record no. 5643)

MARC details
000 -LEADER
fixed length control field 00407nam a2200169Ia 4500
020 ## - INTERNATIONAL STANDARD BOOK NUMBER
ISBN 0-8243-2727-6
082 ## - DEWEY DECIMAL CLASSIFICATION NUMBER
Classification number RR 362.105 ANN-
245 #0 - TITLE STATEMENT
Title Annual review of public health
260 ## - PUBLICATION, DISTRIBUTION, ETC. (IMPRINT)
Place of publication Palo Alto
Name of publisher Annual reviews
Year of publication 2006
300 ## - PHYSICAL DESCRIPTION
Number of Pages ix, 587
650 ## - SUBJECT ADDED ENTRY--TOPICAL TERM
Topical Term Public health
650 ## - SUBJECT ADDED ENTRY--TOPICAL TERM
Topical Term Periodicals
650 ## - SUBJECT ADDED ENTRY--TOPICAL TERM
Topical Term Epidemiology
650 ## - SUBJECT ADDED ENTRY--TOPICAL TERM
Topical Term Biostatistics
700 ## - ADDED ENTRY--PERSONAL NAME
Personal name Fielding, Jonathan E
942 ## - ADDED ENTRY ELEMENTS (KOHA)
Koha item type Books
Holdings
Withdrawn status Lost status Damaged status Not for loan Home library Current library Date acquired Bill Date Full call number Accession Number Price effective from Koha item type
        NASSDOC Library NASSDOC Library 31/12/1899 2006-03-06 RR 362.105 ANN- 43674 18/04/2019 Books
        NASSDOC Library NASSDOC Library 31/12/1899 2006-03-06 RR 362.105 ANN- 43675 18/04/2019 Books